00373nam a22001457a 4500003000400000008004100004020001800045082001500063100002000078245003900098250001300137260005500150300001100205650001100216OSt241023b |||||||| |||| 00| 0 eng d a9788190402538 a670.42 KUT aKUMAR, Jitendra aTextile Chemical Processing Vol. I a1st. ed. aDelhi, bPankaj Publication International,c2011,  a374 p. aB.FAD.